| 000 | 00588nam a22001577a 4500 | ||
|---|---|---|---|
| 999 |
_c60780 _d60780 |
||
| 005 | 20231020121331.0 | ||
| 008 | 231020s1975 ru ||||| |||| 00| 0 rus d | ||
| 041 | _arus | ||
| 080 | _a739(091)(069) З-36 | ||
| 100 |
_aЗасецкая, И.П. _920162 |
||
| 245 |
_aЗолотые украшения гуннской эпохи / _cИ.П. Засецкая. |
||
| 264 |
_aЛенинград : _b «Аврора». _c1975. |
||
| 300 |
_a80 стр. : _bил.; _c22 см. |
||
| 653 | _aჰუნების ეპოქის ოქროს სამკაულები | ||
| 942 |
_2udc _cBK |
||